000 00439cam a2200193ua 4500
001 9080
008 150220n ii |||gr||||Z||||||asm
020 _a9788173312380
040 _cMAIN
041 _aasm
082 _a398
100 _aGoswami, T.,
_eAuthor.
245 1 _aSanskritir jalangaidi
_cEdited by T. Goswami
250 _a1st.
260 _aGuwahati:
_bLawyer,
_c2011.
300 _a246p.
653 _aFolklore
942 _cBK
999 _c8170
_d8170